Potential use of slow-release fertilisers in Hevea cultivation (Record no. 65405)

MARC details
000 -LEADER
fixed length control field 00550nam a2200157Ia 4500
100 ## - MAIN ENTRY--AUTHOR NAME
Personal name Mohd Yusof Mohd Noor
245 #0 - TITLE STATEMENT
Title Potential use of slow-release fertilisers in Hevea cultivation
260 ## - PUBLICATION, DISTRIBUTION, ETC. (IMPRINT)
Name of publisher In: Ensuring sustainability and competitiveness of the NR industry: Proceedings of the RRIM Rubber Growers Conference, Kuala Lumpur, 1995; p40-50
650 ## - SUBJECT ADDED ENTRY--TOPICAL TERM
Topical Term Fertilisers
650 ## - SUBJECT ADDED ENTRY--TOPICAL TERM
Topical Term Hevea cultivation
700 ## - ADDED ENTRY--PERSONAL NAME
Personal name Lau C H
700 ## - ADDED ENTRY--PERSONAL NAME
Personal name Mahmud A W
700 ## - ADDED ENTRY--PERSONAL NAME
Personal name Rosley Abdullah
942 ## - ADDED ENTRY ELEMENTS (KOHA)
Koha item type Journals
Holdings
Withdrawn status Lost status Damaged status Not for loan Home library Current library Shelving location Date acquired Koha item type
      Journals RRII Library RRII Library Soils and agonomy 17/12/2021 Journals